Childhood education

محفوظ في:
التفاصيل البيبلوغرافية
المؤلف الرئيسي: Montessori, María (autora)
التنسيق: كتاب
اللغة:الإنجليزية
منشور في: Meridian 1975
الموضوعات:
الوسوم: إضافة وسم
لا توجد وسوم, كن أول من يضع وسما على هذه التسجيلة!

MARC

LEADER 00000nam a2200000 a 4500
001 UCZ7586
003 CL-VaPUC
008 960105e19750000US |||||||||||||||||eng|d
082 0 4 |a 371.392  |b MON  |2 21 
100 |a Montessori, María  |e autora  |9 312509 
245 1 0 |a Childhood education 
300 |a 137 p 
942 |c BK 
945 |d 19960105 00:00:00  |a lriquelm 
260 |b Meridian  |c 1975 
650 0 |a Métodos de enseñanza  |9 270413 
650 0 |a Educación básica   |9 224933 
650 7 |a METODO MONTESSORI  |2 CL-VaPUC  |9 352548 
650 0 |a Niños  |9 255605 
650 0 |a Alfabetización   |9 310435 
583 |a last modification  |c 20130413 08:56:38  |k Rodrigo Vera 
999 |c 243639  |d 243637 
952 |0 0  |1 0  |4 0  |6 371_392000000000000_MON_1975  |7 0  |8 P  |9 257360  |a BIBEDU  |b BIBEDU  |c BIBEDU_PB  |d 2019-11-19  |i 1610163  |o 371.392 MON 1975  |p 1610163  |r 2024-01-25  |w 2019-11-19  |y BK  |k EDU